| 000 | 00896cam a22002651a 4500 | ||
|---|---|---|---|
| 001 | he 67000245 | ||
| 003 | DLC | ||
| 005 | 20260227111443.0 | ||
| 008 | 870922s1965 is b 000 0 hebr | ||
| 010 | _ahe 67000245 | ||
| 025 | _aPL480:Is-3001 | ||
| 035 | _a(OCoLC)16725621 | ||
| 040 |
_aDLC _cNNL _dNNL _dWaU _dDLC |
||
| 042 | _apremarc | ||
| 050 | 0 | 0 |
_aBM755.E55 _bB7 |
| 100 | 1 |
_aBroshi, Z. _q(Zeliḳ), _d1907- |
|
| 245 | 1 | 0 |
_aRabi Eliʻezer ha-gadol : _btoldot ḥayav ṿe-mishnato / _cmeʼet Z. Broshi. |
| 260 |
_aTel-Aviv : _bSh. Karmilan, _c745 [1965] |
||
| 300 |
_a124 p. ; _c22 cm. |
||
| 500 | _aOn verso of t.p.: Rabbi Eliezer ben Hyrcanus the Great; his life and teachings. | ||
| 500 | _a"Li-noʻar ṿe-li-ʻam." | ||
| 504 | _aIncludes bibliographical references. | ||
| 600 | 0 | 0 | _aEliezer ben Hyrcanus. |
| 740 | 0 | _aRabbi Eliezer ben Hyrcanus the Great; his life and teachings. | |
| 999 |
_c32126 _d32126 |
||